COURSEWARE (Record no. 5374)
[ view plain ]
| 000 -LEADER | |
|---|---|
| fixed length control field | 00284nam a2200121Ia 4500 |
| 008 - FIXED-LENGTH DATA ELEMENTS--GENERAL INFORMATION | |
| fixed length control field | 240624s9999 xx 000 0 und d |
| 041 ## - LANGUAGE CODE | |
| Language code of text/sound track or separate title | eng |
| 082 ## - DEWEY DECIMAL CLASSIFICATION NUMBER | |
| Classification number | 004 TAT |
| 100 ## - MAIN ENTRY--PERSONAL NAME | |
| Personal name | TATA INFOTECH |
| 245 ## - TITLE STATEMENT | |
| Title | COURSEWARE |
| 260 ## - PUBLICATION, DISTRIBUTION, ETC. | |
| Place of publication, distribution, etc. | Delhi |
| Name of publisher, distributor, etc. | Tata Infotech Ltd |
| 300 ## - PHYSICAL DESCRIPTION | |
| Extent | 338 : p. : cm. ; 26 |
| Withdrawn status | Lost status | Damaged status | Not for loan | Home library | Current library | Shelving location | Date acquired | Full call number | Barcode | Date last seen | Price effective from | Koha item type |
|---|---|---|---|---|---|---|---|---|---|---|---|---|
| IMTN | IMTN | Rack 1-A | 06/02/2007 | 004 TAT | 5374 | 06/24/2024 | 06/24/2024 | Books |